000 00420nam a2200157 4500
001 148715
003 ES-MaACL
005 20230906202755.0
007 t|
008 070214s1928 cu r ||||1| spa d
100 1 _aSuárez Solís, Rafael.
_9108660
245 1 0 _aMolde imagen /
_cRafael Suárez Solís.
260 _aLa Habana :
_bRevista Avance,
_c1928.
300 _a45 p. ;
_c17 cm.
852 _aES-MaACL
_j1792-F-3
999 _c148715
_d148715